|
|
|
|
| LEADER |
00953nam a2200217 a 4500 |
| 001 |
28768 |
| 003 |
BD-DhAAL |
| 008 |
150114s2014 bg 001 0 eng d |
| 040 |
|
|
|a BD-DhAAL
|c BD-DhAAL
|d BD-DhAAL
|
| 082 |
0 |
0 |
|a 354.549200722
|2 22
|
| 100 |
1 |
|
|a Muhit, Abul Mal Abdul.
|9 7392
|
| 245 |
0 |
0 |
|a Budget Speech 2014-15 :
|b progress uninterrupted : a promising future beckons bangladesh /
|c Abul Mal Abdul Muhit
|
| 260 |
|
|
|a Dhaka :
|b Ministry of Finance, Government of the People's Republic of Bangladesh,
|c 2014
|
| 300 |
|
|
|a iii, 156 p. :
|b ill. ;
|c 25 cm.
|
| 541 |
|
|
|a 28768
|
| 650 |
|
0 |
|a Budget
|z Bangladesh
|9 7393
|
| 710 |
2 |
|
|a Ministry of Finance,Government of the People's Republic of Bangladesh.
|9 7394
|
| 852 |
1 |
|
|a Ayesha Abed Library
|j General shelf
|
| 942 |
|
|
|2 ddc
|c BK
|
| 999 |
|
|
|c 33485
|d 33485
|
| 952 |
|
|
|0 0
|1 0
|2 ddc
|4 0
|6 354_549200722000000_MUH
|7 0
|9 44761
|a BRACUL
|b BRACUL
|c GEN
|d 2015-01-14
|l 1
|o 354.549200722 MUH
|p 3010028768
|r 2017-06-05
|s 2017-05-23
|t 1
|w 2015-01-14
|y BK
|